MARC

Tag First Indicator Second Indicator Subfields
LEADER 00000cam a2200000Ia 4500
001 in00002425359
005 20151109135410.0
008 080915s2008 nyua 000 c eng d
020 |a 9781401219093 
020 |a 1401219098 
020 |a 9781401219451 (pbk.) 
020 |a 1401219454 (pbk.) 
035 |a (OCoLC)ocn250462490 
035 |a (OCoLC)250462490 
040 |a SFR  |c SFR  |d ORX  |d UtOrBLW 
043 |a n-us--- 
049 |a TXAM 
082 0 4 |a 741.5/973  |2 22 
090 |a PN6728.B36  |b M672 2008 
100 1 |a Morrison, Grant. 
245 1 0 |a Batman.  |p The black glove /  |c Grant Morrison, writer ; J.H. Williams III, Tony S. Daniel, Ryan Benjamin, pencillers ; J.H. Williams [and others], inkers ; Dave Stewart, Guy Major, colorists ; Ken Lopez [and others], letterers. 
246 3 0 |a Black glove 
264 1 |a New York :  |b DC Comics,  |c 2008. 
300 |a 173 pages :  |b chiefly color illustrations ;  |c 27 cm. 
336 |a text  |b txt  |2 rdacontent 
337 |a unmediated  |b n  |2 rdamedia 
338 |a volume  |b nc  |2 rdacarrier 
500 |a "Batman created by Bob Kane." 
500 |a "Originally published in single magazine from in Batman 667-669, 672-675"--P. facing title page. 
600 0 |a Batman  |c (Fictitious character)  |v Comic books, strips, etc. 
650 0 |a Heroes  |v Comic books, strips, etc. 
655 7 |a Superhero comic books, strips, etc.  |2 gsafd 
655 7 |a Graphic novels.  |2 lcgft 
700 1 |a Williams, J. H.,  |c III. 
700 1 |a Daniel, Tony. 
700 1 |a Benjamin, Ryan. 
700 1 |a Stewart, Dave. 
700 1 |a Major, Guy. 
700 1 |a Lopez, Ken. 
700 1 |a Kane, Bob. 
948 |a cataloged  |b h  |c 2008/10/24  |d c  |e ceaton  |f 7:58:58 am 
994 |a C0  |b TXA 
999 |a MARS 
999 f f |s 40cd6a25-df37-3bd8-8037-ff4d754ab4f0  |i 08cad74b-162a-3b2e-88fc-a00be2239413  |t 0 
952 f f |p normal  |a Texas A&M University  |b College Station  |c Sterling C. Evans Library  |d Evans: Library Stacks  |t 0  |e PN6728.B36 M672 2008  |h Library of Congress classification  |i unmediated -- volume  |m A14837366442 
998 f f |a PN6728.B36 M672 2008  |t 0  |l Evans: Library Stacks